Transcontrol Codes /

Salvato in:
Dettagli Bibliografici
Autore principale: Farkaš, Peter, 1956- (Autore)
Altri autori: Rakús, Martin, 1964- (Revisore), Wysocki, Tadeusz (Revisore)
Natura: Libro
Lingua:inglese
Pubblicazione: Praha : Wolters Kluwer a. s., 2014
Edizione:1 vyd.
Tags: Aggiungi Tag
Nessun Tag, puoi essere il primo ad aggiungerne!!

MARC

LEADER 00000nam a22000003a 4500
001 0000760
003 SK-STU
005 20220610110703.0
007 ta
008 150102s ----xo-----e------000-0-----d
020 |a 978-80-7478-566-5 
040 |a STU  |b slo 
041 0 |a eng  |b eng 
044 |a xr 
080 |a 681.35 
100 1 |a Farkaš, Peter,  |d 1956-  |u E070  |r Z1  |4 aut  |9 100  |U FEI Fakulta elektrotechniky a informatiky  |T FEI Ústav telekomunikácií  |X 1933  |U E070  |Y 818  |7 A000001933 
245 1 0 |a Transcontrol Codes /  |c aut. Peter Farkaš ; Martin Rakús, Tadeusz Wysocki 
250 |a 1 vyd. 
260 |a Praha :  |b Wolters Kluwer a. s.,  |c 2014 
300 |a 148 s.  |b 200 copies  |9 7 
700 1 |a Rakús, Martin,  |d 1964-  |u E070  |4 rev  |U FEI Fakulta elektrotechniky a informatiky  |T FEI Ústav telekomunikácií  |X 1971  |U E070  |Y 818  |7 A000001971 
700 1 |a Wysocki, Tadeusz  |4 rev 
996 |b 284EK90306  |c E* 90306  |l EE01  |s A  |a 24  |w 0000760_0001